000 00687nam a2200241Ia 4500
003 GCL
008 140319s9999 xx 000 0 ara d
020 _a2219213977
040 _aGCL /
_cGCL
082 0 4 _a301.31
_bن ا
100 1 _aنادية حليم
245 1 0 _aالانسان والبيئة /
_cنادية حليم
260 _aالقاهرة :
_bدار الثقافة
300 _a95 ص ؛
_c10 سم
650 0 4 _aتلوث البيئة
650 0 4 _aالتلوث
650 0 4 _aالصحة العامة
650 0 4 _aالاغذية
650 0 4 _aالمياه - تلوث
650 0 4 _aالهواء - تلوث
650 0 4 _aالتربة - تلوث
942 _2ddc
_cBK
999 _c5781
_d5781